[Event "GCT Saint Louis (blitz) 2019"]
[Site "Saint Louis USA"]
[Date "2019.08.13"]
[Round "2"]
[White "Caruana, Fabiano"]
[Black "Yu, Yangyi"]
[Result "0-1"]
[WhiteElo "2818"]
[BlackElo "2752"]
[PlyCount "84"]
[EventDate "2019.08.13"]

1. e4 c5 2. Nf3 e6 3. d4 cxd4 4. Nxd4 Nf6 5. Nc3 Nc6 6. Ndb5 Bb4 7. a3 Bxc3+ 8.
Nxc3 d5 9. Bd3 O-O 10. O-O d4 11. Ne2 e5 12. Ng3 Nd7 13. b4 Ne7 14. a4 Ng6 15.
a5 Re8 16. c3 Nf6 17. Bb2 Bg4 18. f3 dxc3 19. Bxc3 Rc8 20. Bb2 Bd7 21. Ne2 Qe7
22. Ba3 Red8 23. b5 Qe6 24. Qb1 h5 25. Rd1 h4 26. Qb2 Nh7 27. Rac1 Ng5 28. Rxc8
Bxc8 29. Qc1 Qf6 30. Bc4 h3 31. Rxd8+ Qxd8 32. Bc5 hxg2 33. Kxg2 Nh4+ 34. Kf2
Qf6 35. Ke1 Nhxf3+ 36. Kd1 Nxe4 37. Bxa7 Bf5 38. Qe3 Qd6+ 39. Kc1 Qb4 40. Bb3
Qa3+ 41. Kd1 Qxa5 42. Ng3 Nc3+ 0-1

[Event "GCT Saint Louis (blitz) 2019"]
[Site "Saint Louis USA"]
[Date "2019.08.13"]
[Round "3"]
[White "Aronian, Levon"]
[Black "Ding, Liren"]
[Result "1/2-1/2"]
[WhiteElo "2765"]
[BlackElo "2805"]
[PlyCount "97"]
[EventDate "2019.08.13"]

1. e4 c5 2. Nf3 d6 3. Bc4 Nf6 4. d3 Nc6 5. O-O Bg4 6. h3 Bxf3 7. Qxf3 g6 8. Nc3
Bg7 9. Qd1 O-O 10. a3 a6 11. Bg5 b5 12. Ba2 Rb8 13. Qd2 a5 14. Rae1 b4 15. axb4
axb4 16. Nd5 e6 17. Ne3 h6 18. Bh4 g5 19. Bg3 Nh5 20. Bh2 Bxb2 21. Qd1 Nf4 22.
g3 Ng6 23. f4 Kh7 24. f5 Nge5 25. fxe6 fxe6 26. Bxe6 Nd4 27. Rxf8 Qxf8 28. Rf1
Qe7 29. Bf5+ Kg7 30. h4 Ra8 31. Nd5 Qf7 32. Bg4 Ra1 33. Rxf7+ Kxf7 34. Kg2 Rxd1
35. Bxd1 b3 36. cxb3 Nxd3 37. Bg1 Nc1 38. hxg5 hxg5 39. b4 Nd3 40. bxc5 dxc5
41. Be3 c4 42. Nb6 Ne5 43. Na4 Ba1 44. Bxg5 c3 45. Bh5+ Kg7 46. Nxc3 Bxc3 47.
Bf4 Ne6 48. Bxe5+ Bxe5 49. Bg4 1/2-1/2

[Event "GCT Saint Louis (blitz) 2019"]
[Site "Saint Louis USA"]
[Date "2019.08.13"]
[Round "3"]
[White "Vachier-Lagrave, Maxime"]
[Black "Karjakin, Sergey"]
[Result "1/2-1/2"]
[WhiteElo "2778"]
[BlackElo "2750"]
[PlyCount "98"]
[EventDate "2019.08.13"]

1. e4 e5 2. Nf3 Nc6 3. Bb5 Nf6 4. O-O Nxe4 5. d4 Nd6 6. Bxc6 dxc6 7. dxe5 Nf5
8. Qxd8+ Kxd8 9. h3 Ke8 10. Nc3 h5 11. Bf4 Be7 12. Rad1 Be6 13. Ng5 Rh6 14.
Rfe1 Bb4 15. a3 Bxc3 16. bxc3 h4 17. Ne4 Rg6 18. g4 hxg3 19. fxg3 Kf8 20. Kh2
Ne7 21. g4 Re8 22. Rd3 Kg8 23. Ng3 Bd5 24. Rde3 c5 25. e6 Rxe6 26. Bxc7 Rxe3
27. Rxe3 Be6 28. Bd6 Nd5 29. Rf3 b6 30. Kg1 f6 31. Kf2 Bf7 32. c4 Ne7 33. Re3
Nc6 34. Rxe8+ Bxe8 35. Nf5 Kf7 36. Bf4 Bd7 37. Nd6+ Ke7 38. Ke3 g5 39. Bg3 Be6
40. Kd3 Bg8 41. Nf5+ Kd7 42. Ne3 Bh7+ 43. Kd2 Be4 44. h4 gxh4 45. Bxh4 Ke6 46.
Bg3 Ne5 47. Bf4 Bb7 48. Kc3 Be4 49. Kd2 Bc6 1/2-1/2

[Event "GCT Saint Louis (blitz) 2019"]
[Site "Saint Louis USA"]
[Date "2019.08.13"]
[Round "3"]
[White "Yu, Yangyi"]
[Black "Rapport, Richard"]
[Result "1/2-1/2"]
[WhiteElo "2752"]
[BlackElo "2747"]
[PlyCount "85"]
[EventDate "2019.08.13"]

1. e4 e6 2. d4 d5 3. exd5 exd5 4. Bd3 Nc6 5. c3 Bd6 6. Qf3 Be6 7. Bf4 Nf6 8.
Ne2 O-O 9. Bxd6 Qxd6 10. Qf4 Rad8 11. Na3 Ne7 12. Qxd6 Rxd6 13. Ng3 Ng6 14. Ne2
Nh4 15. O-O Bf5 16. Nf4 Nh5 17. Nxh5 Bxd3 18. Rfe1 Rb6 19. Re3 Bf5 20. b3 c6
21. Nb1 c5 22. dxc5 Rb5 23. b4 d4 24. Rg3 dxc3 25. Nxc3 Rxb4 26. Nxg7 Bg6 27.
Nh5 Rd8 28. Nf6+ Kg7 29. Nfd5 Rd4 30. Ne7 Rc4 31. c6 bxc6 32. Nxg6 hxg6 33. Nd1
Ra4 34. h3 Nf5 35. Rb3 Rd2 36. Rb2 Rd3 37. Rc1 c5 38. Ne3 Nxe3 39. fxe3 c4 40.
Kf2 c3 41. Rbc2 Rd2+ 42. Kf3 Rxa2 43. Rxa2 1/2-1/2

[Event "GCT Saint Louis (blitz) 2019"]
[Site "Saint Louis USA"]
[Date "2019.08.13"]
[Round "3"]
[White "Dominguez Perez, Leinier"]
[Black "Caruana, Fabiano"]
[Result "1/2-1/2"]
[WhiteElo "2763"]
[BlackElo "2818"]
[PlyCount "82"]
[EventDate "2019.08.13"]

1. e4 e5 2. Nf3 Nc6 3. Bb5 a6 4. Ba4 Nf6 5. O-O Be7 6. Re1 b5 7. Bb3 O-O 8. a4
b4 9. d4 d6 10. dxe5 dxe5 11. Nbd2 Bc5 12. Qe2 h6 13. h3 Qe7 14. Nc4 Be6 15.
Be3 Nd7 16. a5 Rfd8 17. Red1 Rab8 18. Ba4 Bxe3 19. Nxe3 Nd4 20. Nxd4 exd4 21.
Rxd4 Nc5 22. Rxd8+ Rxd8 23. Bc6 Qg5 24. Bd5 Rd6 25. Qc4 Nxe4 26. Qxe4 Bxd5 27.
Nxd5 Qxd5 28. Qxb4 Rg6 29. g3 Rc6 30. c3 Qd2 31. Rf1 g6 32. Qb7 Re6 33. Qb8+
Kg7 34. Qxc7 Qxb2 35. h4 h5 36. Qc5 Qd2 37. Rb1 Rf6 38. Rb6 Rf5 39. Qd4+ Qxd4
40. cxd4 Rxa5 41. d5 Rxd5 1/2-1/2

[Event "GCT Saint Louis (blitz) 2019"]
[Site "Saint Louis USA"]
[Date "2019.08.13"]
[Round "3"]
[White "Carlsen, Magnus"]
[Black "Mamedyarov, Shakhriyar"]
[Result "1-0"]
[WhiteElo "2882"]
[BlackElo "2764"]
[PlyCount "53"]
[EventDate "2019.08.13"]

1. d4 Nf6 2. c4 b6 3. Nc3 Bb7 4. Nf3 e6 5. g3 Bb4 6. Bd2 Bxc3 7. Bxc3 Ne4 8.
Rc1 O-O 9. Bg2 d6 10. O-O Nxc3 11. Rxc3 Nd7 12. d5 Nf6 13. Ne1 exd5 14. cxd5
Re8 15. Nc2 Qd7 16. Ne3 Re7 17. Qc2 g6 18. Rc1 Rc8 19. Qd3 Ng4 20. Nxg4 Qxg4
21. e3 Qd7 22. Qd4 f5 23. h4 Qe8 24. e4 fxe4 25. Bh3 c5 26. dxc6 Rxc6 27. Qd5+
1-0

[Event "GCT Saint Louis (blitz) 2019"]
[Site "Saint Louis USA"]
[Date "2019.08.13"]
[Round "4"]
[White "Caruana, Fabiano"]
[Black "Aronian, Levon"]
[Result "1/2-1/2"]
[WhiteElo "2818"]
[BlackElo "2765"]
[PlyCount "93"]
[EventDate "2019.08.13"]

1. c4 Nf6 2. Nc3 e5 3. Nf3 Nc6 4. e3 Bb4 5. Qc2 Bxc3 6. Qxc3 Qe7 7. a3 d5 8. b4
d4 9. Qc2 Bg4 10. b5 Nd8 11. Bb2 c5 12. O-O-O O-O 13. Re1 Qc7 14. Bd3 a6 15.
exd4 exd4 16. Ne5 Bc8 17. f4 h6 18. Rhf1 b6 19. h3 Bb7 20. g4 Re8 21. h4 Ne6
22. g5 Nxf4 23. bxa6 Rxa6 24. gxf6 Rxe5 25. Bh7+ Kh8 26. fxg7+ Kxg7 27. Rg1+
Kf8 28. Rg8+ Ke7 29. Rf1 Ra8 30. Rg7 Kf8 31. Rg8+ Ke7 32. Rg4 Ne6 33. Bf5 Rf8
34. Bxe6 Rxe6 35. Qh7 Ke8 36. Rg8 Qe7 37. a4 Be4 38. Qg7 Rxg8 39. Qxg8+ Qf8 40.
Qg4 Bd3 41. Rg1 Qe7 42. Qg3 Rg6 43. Qb8+ Kd7 44. Qb7+ Kd8 45. Qb8+ Kd7 46. Qb7+
Kd8 47. Qb8+ 1/2-1/2

[Event "GCT Saint Louis (blitz) 2019"]
[Site "Saint Louis USA"]
[Date "2019.08.13"]
[Round "4"]
[White "Rapport, Richard"]
[Black "Karjakin, Sergey"]
[Result "1-0"]
[WhiteElo "2747"]
[BlackElo "2750"]
[PlyCount "85"]
[EventDate "2019.08.13"]

1. d4 Nf6 2. Bg5 d5 3. e3 c5 4. c3 Nc6 5. Nd2 cxd4 6. exd4 Bf5 7. Ngf3 e6 8.
Nh4 Bg6 9. Nxg6 hxg6 10. Bd3 Be7 11. g3 Nd7 12. Be3 Bg5 13. Qe2 Bxe3 14. Qxe3
Qa5 15. a4 Qb6 16. b4 Qc7 17. a5 Nf6 18. Kf1 O-O 19. Kg2 Ne7 20. Rac1 Nf5 21.
Qe2 Rac8 22. Nf3 Nd6 23. h4 Qe7 24. Ng5 Nh5 25. Nf3 Rc7 26. Ne5 Rfc8 27. Bxg6
Nf6 28. h5 Rxc3 29. Rxc3 Rxc3 30. Bd3 Nc4 31. h6 g6 32. h7+ Nxh7 33. Bxc4 Rxc4
34. Nxc4 dxc4 35. d5 Qd6 36. dxe6 Qd5+ 37. Qf3 fxe6 38. Rd1 Qb5 39. Rd8+ Kg7
40. Rb8 Kh6 41. Rxb7 Qe8 42. Kg1 g5 43. Qh1+ 1-0

[Event "GCT Saint Louis (blitz) 2019"]
[Site "Saint Louis USA"]
[Date "2019.08.13"]
[Round "4"]
[White "Mamedyarov, Shakhriyar"]
[Black "Vachier-Lagrave, Maxime"]
[Result "0-1"]
[WhiteElo "2764"]
[BlackElo "2778"]
[PlyCount "90"]
[EventDate "2019.08.13"]

1. d4 Nf6 2. Bg5 d5 3. Bxf6 exf6 4. e3 Nd7 5. Bd3 c6 6. Nd2 Bd6 7. c3 g6 8. Qf3
f5 9. Ne2 Nf6 10. h3 h5 11. c4 Ne4 12. Nc3 Be6 13. cxd5 cxd5 14. Qd1 O-O 15.
Rc1 Qg5 16. O-O Nxd2 17. Qxd2 f4 18. e4 Bxh3 19. f3 Be6 20. Rfe1 Rad8 21. exd5
Bxd5 22. Nxd5 Qxd5 23. Bc4 Qg5 24. Re4 h4 25. Kh1 Qg3 26. Qe1 Kg7 27. Kg1 Rh8
28. Rc2 h3 29. Bf1 hxg2 30. Bxg2 Qh2+ 31. Kf1 Rh5 32. Qf2 Rg5 33. Ke1 Rc8 34.
Ree2 Bb4+ 35. Kd1 Rd8 36. Rc4 Ba5 37. Kc2 Bb6 38. Rd2 Rgd5 39. a3 Qh5 40. Kb3
Qf5 41. Ka2 Qe6 42. Qe2 Qxe2 43. Rxe2 Rxd4 44. Rxd4 Rxd4 45. Bh3 Rd3 0-1

[Event "GCT Saint Louis (blitz) 2019"]
[Site "Saint Louis USA"]
[Date "2019.08.13"]
[Round "4"]
[White "Ding, Liren"]
[Black "Carlsen, Magnus"]
[Result "1-0"]
[WhiteElo "2805"]
[BlackElo "2882"]
[PlyCount "109"]
[EventDate "2019.08.13"]

1. d4 Nf6 2. c4 e6 3. Nf3 d5 4. Nc3 Be7 5. Bf4 O-O 6. e3 b6 7. cxd5 Nxd5 8.
Nxd5 exd5 9. Bd3 c5 10. b3 Nc6 11. O-O Be6 12. Rc1 a5 13. h3 g6 14. Bb5 Qc8 15.
dxc5 bxc5 16. Nd4 Nxd4 17. exd4 Qb7 18. a4 Rfc8 19. Re1 cxd4 20. Qxd4 Rxc1 21.
Rxc1 Rc8 22. Rxc8+ Qxc8 23. Bd2 Qc7 24. Bc3 f6 25. b4 axb4 26. Bxb4 Bxb4 27.
Qxb4 Kg7 28. a5 d4 29. a6 Qb6 30. Qe7+ Kh6 31. a7 Bd5 32. Bc4 Bb7 33. a8=Q Bxa8
34. Qf8+ Kg5 35. Qxa8 f5 36. Qd5 Kh6 37. g3 Qf6 38. Kg2 Qb6 39. h4 Qf6 40. Qe6
Qd8 41. Qe5 Qb6 42. Qd5 Qf6 43. Bd3 Qb6 44. Qf3 Kg7 45. Qf4 Qc6+ 46. Kh2 Qc5
47. h5 Kf6 48. h6 g5 49. Qb8 Kg6 50. g4 Kxh6 51. gxf5 g4 52. Kg3 Qd5 53. Qf8+
Kh5 54. Qe8+ Kg5 55. Qe7+ 1-0

[Event "GCT Saint Louis (blitz) 2019"]
[Site "Saint Louis USA"]
[Date "2019.08.13"]
[Round "5"]
[White "Carlsen, Magnus"]
[Black "Caruana, Fabiano"]
[Result "1/2-1/2"]
[WhiteElo "2882"]
[BlackElo "2818"]
[PlyCount "93"]
[EventDate "2019.08.13"]

1. e4 e5 2. Nf3 Nc6 3. Bb5 a6 4. Ba4 Nf6 5. d3 d6 6. c3 g6 7. Bg5 Bg7 8. Nbd2
h6 9. Bh4 O-O 10. O-O b5 11. Bc2 Qe8 12. Re1 Nh5 13. Nf1 Nf4 14. Ne3 Bb7 15. a4
Nd8 16. d4 Nde6 17. b4 exd4 18. cxd4 a5 19. d5 Ng5 20. Nxg5 hxg5 21. Bxg5 Qe5
22. Qg4 Nh5 23. Rab1 Bc8 24. Nf5 bxa4 25. Qh4 Bxf5 26. exf5 Qd4 27. Qxd4 Bxd4
28. Re4 Bf6 29. Bxf6 Nxf6 30. Rc4 axb4 31. Rcxb4 Nxd5 32. Rc4 a3 33. fxg6 c5
34. gxf7+ Kxf7 35. Bb3 Kf6 36. Rd1 Rfb8 37. Ba2 Rb2 38. Rxd5 Rxa2 39. Rxd6+ Ke7
40. Rd1 Ra5 41. h4 Rb2 42. Re4+ Kf6 43. Rd6+ Kf7 44. Rd7+ Kf6 45. Rd6+ Kf7 46.
Rd7+ Kf6 47. Rd6+ 1/2-1/2

[Event "GCT Saint Louis (blitz) 2019"]
[Site "Saint Louis USA"]
[Date "2019.08.13"]
[Round "5"]
[White "Aronian, Levon"]
[Black "Yu, Yangyi"]
[Result "1/2-1/2"]
[WhiteElo "2765"]
[BlackElo "2752"]
[PlyCount "162"]
[EventDate "2019.08.13"]

1. c4 c6 2. Nf3 d5 3. e3 Nf6 4. d4 g6 5. b4 Bg7 6. Bb2 O-O 7. Nbd2 a5 8. b5 a4
9. Rc1 Bf5 10. Be2 dxc4 11. Bxc4 cxb5 12. Bxb5 Qb6 13. Qe2 Ra5 14. Rc5 Nbd7 15.
Nc4 Qd8 16. Rxf5 gxf5 17. Bxd7 Nxd7 18. Nxa5 Qxa5+ 19. Qd2 Qb5 20. Qe2 Qb4+ 21.
Qd2 Qc4 22. Qc3 Qxa2 23. O-O Nb6 24. Ra1 Qc4 25. Qa5 Qb3 26. Qxf5 e6 27. Qb1
Nc4 28. Bc1 Qxb1 29. Rxb1 Ra8 30. Rxb7 a3 31. Rb1 a2 32. Ra1 e5 33. Kf1 exd4
34. exd4 Nb6 35. Ke2 Nd5 36. Bd2 Ra3 37. Kd1 Ra4 38. Kc2 Bxd4 39. Nxd4 Rxd4 40.
Rxa2 Rc4+ 41. Kd3 Rg4 42. Ra5 Nf4+ 43. Bxf4 Rxf4 44. f3 Rb4 45. Rg5+ Kf8 46.
Ke3 h6 47. Rg4 Rb2 48. Kf4 Rb5 49. Kg3 Ra5 50. Kh4 Rb5 51. Re4 Kg7 52. g3 Rb2
53. Kh3 Rf2 54. Rg4+ Kh7 55. Rf4 Kg6 56. g4 Ra2 57. Kg3 Ra1 58. h4 Rg1+ 59. Kf2
Ra1 60. h5+ Kg7 61. Rf5 Ra2+ 62. Kg3 Ra3 63. Re5 Rb3 64. Kf4 Ra3 65. Re3 Ra4+
66. Kf5 Ra5+ 67. Re5 Ra3 68. f4 Rf3 69. Re2 Rf1 70. Rg2 Rf3 71. g5 hxg5 72.
Kxg5 Rf1 73. h6+ Kh7 74. f5 Ra1 75. Kf6 Ra6+ 76. Kxf7 Ra7+ 77. Kf6 Ra6+ 78. Kg5
Rxh6 79. Re2 Ra6 80. Re7+ Kg8 81. f6 Ra1 1/2-1/2

[Event "GCT Saint Louis (blitz) 2019"]
[Site "Saint Louis USA"]
[Date "2019.08.13"]
[Round "5"]
[White "Vachier-Lagrave, Maxime"]
[Black "Ding, Liren"]
[Result "0-1"]
[WhiteElo "2778"]
[BlackElo "2805"]
[PlyCount "78"]
[EventDate "2019.08.13"]

1. e4 e5 2. Nf3 Nc6 3. Bc4 Bc5 4. c3 Nf6 5. d3 d6 6. O-O O-O 7. Re1 a6 8. a4
Ba7 9. h3 h6 10. Nbd2 Re8 11. b4 Be6 12. Bxe6 Rxe6 13. Bb2 Qd7 14. Nf1 Rae8 15.
b5 Ne7 16. c4 Nh5 17. Nd4 exd4 18. Qxh5 Ng6 19. Ng3 Nf4 20. Qf3 Rf6 21. Nf5 Ne6
22. Qh5 Bc5 23. Rf1 c6 24. f4 cxb5 25. axb5 axb5 26. cxb5 Qxb5 27. Nxd6 Nxf4
28. Rxf4 Rxd6 29. Ba3 Ra6 30. Qxf7+ Kh7 31. Qf5+ Kh8 32. Rff1 b6 33. Qh5 Rg8
34. Rf6 Qd7 35. Rf7 Qe6 36. Raf1 Rxa3 37. R1f6 Ra1+ 38. Kf2 Qa2+ 39. Kg3 gxf6+
0-1

[Event "GCT Saint Louis (blitz) 2019"]
[Site "Saint Louis USA"]
[Date "2019.08.13"]
[Round "5"]
[White "Karjakin, Sergey"]
[Black "Mamedyarov, Shakhriyar"]
[Result "1-0"]
[WhiteElo "2750"]
[BlackElo "2764"]
[PlyCount "47"]
[EventDate "2019.08.13"]

1. e4 e5 2. Nf3 Nc6 3. Nc3 Nf6 4. d4 Bb4 5. Nxe5 Qe7 6. Qd3 Nxe5 7. dxe5 Qxe5
8. Bd2 O-O 9. O-O-O d6 10. f3 Re8 11. Kb1 Be6 12. a3 a5 13. g4 d5 14. f4 Qd6
15. e5 Qc6 16. exf6 d4 17. Ne4 Bxd2 18. Ng5 g6 19. Qh3 h5 20. Bg2 Ba2+ 21. Kxa2
Qc4+ 22. Qb3 Qxb3+ 23. cxb3 Bxf4 24. Nh3 1-0

[Event "GCT Saint Louis (blitz) 2019"]
[Site "Saint Louis USA"]
[Date "2019.08.13"]
[Round "6"]
[White "Caruana, Fabiano"]
[Black "Vachier-Lagrave, Maxime"]
[Result "0-1"]
[WhiteElo "2818"]
[BlackElo "2778"]
[PlyCount "60"]
[EventDate "2019.08.13"]

1. e4 c5 2. Nf3 d6 3. d4 cxd4 4. Nxd4 Nf6 5. Nc3 a6 6. Nb3 Nbd7 7. g4 b5 8. a3
Bb7 9. Bg2 h6 10. h4 g6 11. Qe2 Bg7 12. g5 hxg5 13. Bxg5 Qc7 14. O-O-O Rc8 15.
Kb1 Qc4 16. Qd2 b4 17. axb4 Qxb4 18. Rhe1 Ne5 19. Bxf6 Bxf6 20. Nd5 Qxd2 21.
Nxf6+ exf6 22. Rxd2 Rxh4 23. Na5 Ba8 24. Rxd6 Rh2 25. Rg1 f5 26. Rxa6 fxe4 27.
Nb3 Nc4 28. Ka2 Bd5 29. Ra7 Nd2 30. Rd1 Rxc2 0-1

[Event "GCT Saint Louis (blitz) 2019"]
[Site "Saint Louis USA"]
[Date "2019.08.13"]
[Round "6"]
[White "Rapport, Richard"]
[Black "Mamedyarov, Shakhriyar"]
[Result "1-0"]
[WhiteElo "2747"]
[BlackElo "2764"]
[PlyCount "69"]
[EventDate "2019.08.13"]

1. d4 d5 2. c4 c5 3. cxd5 Qxd5 4. e3 e6 5. Nc3 Qd8 6. Nf3 Nf6 7. Bd3 a6 8. O-O
Nc6 9. dxc5 Bxc5 10. Qe2 Qc7 11. b3 Nb4 12. Ne4 Nxd3 13. Nxf6+ gxf6 14. Qxd3
Qe7 15. Bb2 e5 16. Qe4 O-O 17. Rac1 a5 18. Nh4 Ra6 19. Rc4 Rc6 20. Rfc1 Kh8 21.
Nf5 Qc7 22. Qf3 Rg8 23. Rh4 Rg5 24. Ng3 f5 25. Qd5 f6 26. Rh5 Bxe3 27. Rd1 Bf4
28. Rxg5 Bxg5 29. f4 Bxf4 30. Nh5 Be3+ 31. Kh1 Bb6 32. Nxf6 Rxf6 33. Qxe5 Qxe5
34. Bxe5 Kg7 35. Bxf6+ 1-0

[Event "GCT Saint Louis (blitz) 2019"]
[Site "Saint Louis USA"]
[Date "2019.08.13"]
[Round "6"]
[White "Ding, Liren"]
[Black "Karjakin, Sergey"]
[Result "1/2-1/2"]
[WhiteElo "2805"]
[BlackElo "2750"]
[PlyCount "59"]
[EventDate "2019.08.13"]

1. d4 Nf6 2. c4 e6 3. Nf3 d5 4. Nc3 Bb4 5. Bg5 h6 6. Bh4 dxc4 7. a3 Bxc3+ 8.
bxc3 c5 9. e3 cxd4 10. cxd4 Qa5+ 11. Nd2 Ne4 12. Bxc4 Bd7 13. Bd3 Bc6 14. Bxe4
Bxe4 15. O-O Bc6 16. Rc1 O-O 17. Nc4 Qd5 18. f3 Bb5 19. e4 Qh5 20. Bf2 Nc6 21.
Qd2 Rfd8 22. Rfd1 Rd7 23. Qb2 Bxc4 24. Rxc4 Rad8 25. a4 Qa5 26. Qb5 a6 27. Qxa5
Nxa5 28. Rc5 Nc6 29. Rc4 Rd6 30. Kf1 1/2-1/2

[Event "GCT Saint Louis (blitz) 2019"]
[Site "Saint Louis USA"]
[Date "2019.08.13"]
[Round "6"]
[White "Yu, Yangyi"]
[Black "Carlsen, Magnus"]
[Result "1-0"]
[WhiteElo "2752"]
[BlackElo "2882"]
[PlyCount "59"]
[EventDate "2019.08.13"]

1. e4 c5 2. Nf3 d6 3. d4 cxd4 4. Nxd4 Nf6 5. Nc3 Bd7 6. Be3 Ng4 7. Bc1 Nc6 8.
Be2 Nf6 9. Be3 g6 10. Qd2 Bg7 11. O-O-O h5 12. f3 Rc8 13. Kb1 Ne5 14. Rhe1 O-O
15. h3 a6 16. g4 b5 17. Nd5 Nc4 18. Bxc4 bxc4 19. Nxf6+ Bxf6 20. gxh5 c3 21.
Qg2 Kh7 22. hxg6+ fxg6 23. b3 Qa5 24. f4 Rc4 25. e5 dxe5 26. fxe5 Bxe5 27. Qg5
Rc7 28. Rg1 Rf6 29. Nf3 Bf5 30. Qh6+ 1-0

[Event "GCT Saint Louis (blitz) 2019"]
[Site "Saint Louis USA"]
[Date "2019.08.13"]
[Round "7"]
[White "Vachier-Lagrave, Maxime"]
[Black "Yu, Yangyi"]
[Result "1-0"]
[WhiteElo "2778"]
[BlackElo "2752"]
[PlyCount "195"]
[EventDate "2019.08.13"]

1. e4 e5 2. Nf3 Nf6 3. Nxe5 d6 4. Nf3 Nxe4 5. Nc3 Nf6 6. d4 Be7 7. Bd3 O-O 8.
O-O Nc6 9. h3 Nb4 10. Bc4 d5 11. Bb3 c6 12. Re1 Na6 13. Ne2 Nc7 14. Ng3 Nfe8
15. c3 Nd6 16. Bc2 Re8 17. Ne5 g6 18. Qf3 Bg5 19. Be3 Ne6 20. Nf1 Ng7 21. Qg3
Bxe3 22. Nxe3 Bf5 23. Nxf5 Ndxf5 24. Qf3 Qg5 25. g3 f6 26. Nd7 Kf7 27. Kf1 Rad8
28. Nc5 Nd6 29. Bb3 Qf5 30. Kg2 Qxf3+ 31. Kxf3 Ne6 32. Nd3 Re7 33. h4 Rde8 34.
Re3 Nf5 35. Ree1 a5 36. Kg2 Nd6 37. Kf1 Ng7 38. Rxe7+ Rxe7 39. a4 Ne6 40. Bc2
Ne4 41. Rd1 Nc7 42. Nc1 Nd6 43. Bd3 Nc4 44. b3 Nb2 45. Rd2 Nxd3 46. Nxd3 Ne6
47. Rb2 Rc7 48. Ke2 Ke7 49. Kd2 Kd6 50. Rb1 b6 51. h5 g5 52. b4 axb4 53. Rxb4
Rb7 54. h6 Nd8 55. Rb1 Ne6 56. f4 g4 57. a5 b5 58. a6 Ra7 59. Ra1 Nc7 60. Nc5
Ne6 61. Nb7+ Kc7 62. f5 Ng5 63. Nc5 Kb6 64. Ke3 Nh3 65. Ne6 Re7 66. Ra2 Ra7 67.
Ra1 Re7 68. a7 Rxa7 69. Rxa7 Kxa7 70. Nf8 Ng5 71. Kf4 Ka6 72. Kxg4 b4 73. cxb4
Kb5 74. Kh5 Kxb4 75. Nxh7 Nxh7 76. Kg6 c5 77. dxc5 Kxc5 78. Kxh7 d4 79. Kg6 d3
80. h7 d2 81. h8=Q d1=Q 82. Qxf6 Qg4+ 83. Qg5 Qe4 84. Qc1+ Kd5 85. Qd2+ Kc6 86.
Kg5 Qf3 87. g4 Qe4 88. Qf4 Qd5 89. Kh6 Qh1+ 90. Kg7 Qa1+ 91. f6 Kd7 92. Qf5+
Kd6 93. g5 Qb2 94. Kh7 Qh2+ 95. Kg8 Qa2+ 96. f7 Ke7 97. Qf6+ Kd7 98. Kg7 1-0

[Event "GCT Saint Louis (blitz) 2019"]
[Site "Saint Louis USA"]
[Date "2019.08.13"]
[Round "7"]
[White "Aronian, Levon"]
[Black "Rapport, Richard"]
[Result "1/2-1/2"]
[WhiteElo "2765"]
[BlackElo "2747"]
[PlyCount "84"]
[EventDate "2019.08.13"]

1. c4 e5 2. Nc3 Nc6 3. Nf3 g6 4. d4 exd4 5. Nxd4 Bg7 6. Be3 Nf6 7. g3 O-O 8.
Bg2 Ng4 9. Nxc6 dxc6 10. Bc5 Re8 11. Qxd8 Rxd8 12. Rc1 Be6 13. b3 Bh6 14. f4
Bf8 15. Bxf8 Kxf8 16. Ne4 Ke7 17. Nc5 Bc8 18. Bf3 h5 19. h3 Nf6 20. Kf2 a5 21.
Rcd1 Rxd1 22. Rxd1 b6 23. Nd3 Bxh3 24. Ne5 Ng4+ 25. Bxg4 Bxg4 26. Nxc6+ Ke8 27.
Rd3 Bd7 28. Ne5 Be6 29. Nc6 Bd7 30. Ne5 Be6 31. Nc6 a4 32. Nd4 Bd7 33. b4 c5
34. bxc5 bxc5 35. Nc2 Bf5 36. Re3+ Kd7 37. Na3 Rb8 38. Nb5 Be6 39. Rd3+ Ke7 40.
Rc3 Kd7 41. Rd3+ Ke7 42. Rc3 Kd7 1/2-1/2

[Event "GCT Saint Louis (blitz) 2019"]
[Site "Saint Louis USA"]
[Date "2019.08.13"]
[Round "7"]
[White "Carlsen, Magnus"]
[Black "Dominguez Perez, Leinier"]
[Result "1/2-1/2"]
[WhiteElo "2882"]
[BlackElo "2763"]
[PlyCount "126"]
[EventDate "2019.08.13"]

1. e4 e5 2. Qh5 Nc6 3. Bc4 g6 4. Qf3 Nf6 5. Ne2 Bg7 6. d3 d6 7. h3 Na5 8. Nbc3
Nxc4 9. dxc4 Be6 10. Qd3 Nd7 11. b3 O-O 12. Be3 f5 13. f3 Qh4+ 14. Bf2 Qg5 15.
Rg1 Nc5 16. Qe3 Qxe3 17. Bxe3 fxe4 18. Nxe4 Nxe4 19. fxe4 a6 20. Nc3 h5 21. Ke2
Kh7 22. Rgf1 Bh6 23. Bg1 Kg7 24. Nd5 Bxd5 25. cxd5 Rxf1 26. Rxf1 Rf8 27. Rxf8
Kxf8 28. Kd3 Ke8 29. Bf2 Bg5 30. Kc4 Kd7 31. a4 Kc8 32. b4 Kd7 33. b5 axb5+ 34.
Kxb5 Bd2 35. c4 b6 36. Ka6 Kc8 37. g4 hxg4 38. hxg4 Bc3 39. Be3 Be1 40. Kb5 Kb7
41. Bc1 Bc3 42. Ba3 Be1 43. a5 Bxa5 44. c5 dxc5 45. Bb2 Be1 46. Bxe5 Bf2 47.
Bf6 c4 48. Kxc4 c6 49. Be5 b5+ 50. Kb4 Kb6 51. Bd6 Be1+ 52. Kb3 cxd5 53. exd5
Kb7 54. Kc2 Kc8 55. Kd3 Kd7 56. Bc5 Bg3 57. Ke4 Bd6 58. Bd4 Ke7 59. Be3 Kd7 60.
Kd4 Kc7 61. Bd2 Kb7 62. Kd3 Kb6 63. Kd4 Kb7 1/2-1/2

[Event "GCT Saint Louis (blitz) 2019"]
[Site "Saint Louis USA"]
[Date "2019.08.13"]
[Round "7"]
[White "Karjakin, Sergey"]
[Black "Caruana, Fabiano"]
[Result "1-0"]
[WhiteElo "2750"]
[BlackElo "2818"]
[PlyCount "61"]
[EventDate "2019.08.13"]

1. d4 Nf6 2. Nf3 e6 3. e3 c5 4. Bd3 b6 5. O-O Bb7 6. c4 Bxf3 7. Qxf3 Nc6 8. d5
Ne5 9. Qe2 exd5 10. cxd5 Nxd3 11. Qxd3 Bd6 12. e4 O-O 13. f4 c4 14. Qf3 Bc5+
15. Kh1 d6 16. Nc3 Re8 17. g4 Bd4 18. Ne2 Bc5 19. Ng3 b5 20. Bd2 Nd7 21. Nf5 b4
22. g5 Rc8 23. Rae1 Nf8 24. Rc1 a5 25. Rxc4 Qd7 26. b3 Ng6 27. Bc1 Ne7 28. Nxg7
Kxg7 29. Bb2+ Kg8 30. Qh5 Ng6 31. Bf6 1-0

[Event "GCT Saint Louis (blitz) 2019"]
[Site "Saint Louis USA"]
[Date "2019.08.13"]
[Round "7"]
[White "Mamedyarov, Shakhriyar"]
[Black "Ding, Liren"]
[Result "1/2-1/2"]
[WhiteElo "2764"]
[BlackElo "2805"]
[PlyCount "57"]
[EventDate "2019.08.13"]

1. d4 e6 2. c4 b6 3. Nf3 Bb7 4. g3 Nf6 5. Bg2 Be7 6. O-O O-O 7. Nc3 Ne4 8. Nxe4
Bxe4 9. Ne1 Bxg2 10. Nxg2 d5 11. Qa4 Qd7 12. Qxd7 Nxd7 13. cxd5 exd5 14. Nf4
Nf6 15. Nd3 c5 16. dxc5 bxc5 17. Bg5 c4 18. Nf4 h6 19. Bxf6 Bxf6 20. Rac1 Rfd8
21. Rfd1 Bxb2 22. Rc2 c3 23. Nxd5 Rac8 24. e4 Kf8 25. Rd3 Rc4 26. Re3 Rdc8 27.
Kf1 Ra4 28. Nxc3 Bxc3 29. Rexc3 1/2-1/2

[Event "GCT Saint Louis (blitz) 2019"]
[Site "Saint Louis USA"]
[Date "2019.08.13"]
[Round "8"]
[White "Aronian, Levon"]
[Black "Carlsen, Magnus"]
[Result "1/2-1/2"]
[WhiteElo "2765"]
[BlackElo "2882"]
[PlyCount "79"]
[EventDate "2019.08.13"]

1. c4 e6 2. g3 g6 3. Bg2 Bg7 4. Nc3 Ne7 5. e4 c5 6. d3 Nbc6 7. Be3 d6 8. h4 h6
9. f4 h5 10. Nf3 Nd4 11. O-O Nec6 12. Rb1 b6 13. Ne2 Nxf3+ 14. Bxf3 e5 15. Bf2
exf4 16. gxf4 Bg4 17. Nc3 Bd4 18. e5 Rc8 19. exd6 Qxh4 20. Qe1+ Kd7 21. Bxc6+
Rxc6 22. Bxd4 Qxe1 23. Rbxe1 cxd4 24. Nb5 a6 25. Re7+ Kd8 26. Nc7 Rxd6 27. Rxf7
Bf5 28. Re1 Rd7 29. Rxd7+ Kxd7 30. Nd5 Bxd3 31. Rd1 Bf5 32. Rxd4 Kd6 33. b4 Kc6
34. Ne7+ Kc7 35. Nxf5 gxf5 36. Rd5 Re8 37. Rxf5 Re4 38. c5 Rxb4 39. cxb6+ Kxb6
40. Kg2 1/2-1/2

[Event "GCT Saint Louis (blitz) 2019"]
[Site "Saint Louis USA"]
[Date "2019.08.13"]
[Round "8"]
[White "Rapport, Richard"]
[Black "Ding, Liren"]
[Result "1/2-1/2"]
[WhiteElo "2747"]
[BlackElo "2805"]
[PlyCount "40"]
[EventDate "2019.08.13"]

1. Nf3 d5 2. g3 g6 3. Bg2 Bg7 4. d4 Nf6 5. O-O O-O 6. c4 dxc4 7. Na3 c5 8. dxc5
c3 9. Nb5 Na6 10. Nxc3 Nxc5 11. Be3 Nfe4 12. Nxe4 Nxe4 13. Bd4 Bxd4 14. Qxd4
Qxd4 15. Nxd4 Nd6 16. Rfc1 Rd8 17. f4 Bg4 18. h3 Bd7 19. Kf2 Rac8 20. b3 b6
1/2-1/2